000 00308nam a22000977a 4500
008 150728b xxu||||| |||| 00| 0 eng d
010 _8HCCRSARF:038
245 _aHIGH COURT CRIMINAL SESSION NO.17 OF 1977 Roggers Muganzi Vs Uganda
260 _aHigh Court Kampala
500 _3BEFORE: Hon. Mr. Justice M.C.Kantinti
999 _c8306
_d8306